00509nam a2200169 a 450000500170000000800410001702000180005805000250007610000180010124500570011926000510017630000290022750000200025652100090027665000240028565000300030920140310183608.0120713s19uu xx 00 eng d a9780240814414 aTR 897.7b .G54 2010 aGhertner, Ed. aLayout and composition for animation /cEd Ghertner. aBurlington, MA :bFocal Press/Elsevier,c2010. a208 p. :bill. ;c26 cm. aIncludes index. aBSBA aComputer animation. aComposition (Photography)